Rap Songs by Synonym - Statistics

General Stats
  • This quiz has been taken 45 times
  • The average score is 7 of 20
Answer Stats
Hint Answer % Correct
One third of an hour 20 Min
83%
View you another time See You Again
83%
Top stories on a newspaper Headlines
63%
Tall shade-giving plants made of currency Money Trees
63%
Large snake Anaconda
61%
Miner of a valuable material Gold Digger
61%
Cease to respirate Stop Breathing
34%
Misplace one's being Lose Yourself
32%
Viewing the bright lights in the sky Stargazing
29%
An anecdote of multiple towns A Tale of 2 Cities
27%
Attitude of someone in a popular Northeastern US State NY State of Mind
27%
Moving at a leisurely pace Walkin
27%
Piece of white paper that is worth money Check
22%
Give thanks to the man upstairs Praise The Lord
17%
Paying attention to one's own health Self Care
17%
Room with Narcotics and Exotic Dancers The Percocet and Stripper Joint
17%
Caucasion legendary 76ers point guard White Iverson
15%
Patent for the United States Trademark USA
10%
Noise in the nearby area Surround Sound
7%
Bring the desired treasure Gimme Da Loot
0%
No matching quizzes found
Score Distribution
Percent of People with Each Score
Percentile by Number Answered
Your Score History
You have not taken this quiz